[Event "Madrid-chT 2526"]
[Site "Madrid"]
[Date "2025.11.23"]
[Round "2.1"]
[White "Plazuelo Pascual, Juan"]
[Black "Torres Rebolledo, Alvaro"]
[Result "1-0"]
[WhiteElo "2429"]
[BlackElo "2328"]
[WhiteFideId "-1"]
[WhiteFideId "-1"]
[PlyCount "81"]
[GameId "2247304135757824"]
[EventDate "2025.11.15"]
[EventType "team-tourn"]
[EventRounds "14"]
[EventCountry "ESP"]
[SourceVersionDate "2011.03.15"]
[WhiteTeam "Alcorcon Diagonal"]
[BlackTeam "Jaque Mate"]
[WhiteTeamCountry "ESP"]
[BlackTeamCountry "ESP"]

{[%evp 0,81,21,30,14,19,16,17,19,13,33,38,31,30,27,27,40,28,25,-95,77,85,84,44,86,46,91,133,82,87,105,96,119,154,147,104,138,104,131,131,142,93,151,153,162,276,179,166,287,275,272,214,261,306,332,326,340,309,252,319,352,284,267,245,269,362,455,415,649,627,766,508,490,566,663,565,644,595,635,654,718,693,703,719]} 1. d4 Nf6 2. c4 e6 3. Nf3 b6 4. g3 Bb7 5. Bg2 Be7 6. O-O O-O 7. Re1 a5 8. a3 d6 9. d5 Na6 10. Nd4 e5 11. Nc6 Bxc6 12. dxc6 Nc5 13. Be3 Ne6 14. Nc3 Ne8 15. Bd2 Bg5 16. e3 Nc5 17. Qc2 a4 18. f4 exf4 19. exf4 Bf6 20. Be3 g6 21. g4 Bh4 22. Re2 Qc8 23. Bf3 Nf6 24. g5 Nb3 25. Rd1 Ne8 26. Nd5 Kh8 27. Rg2 h5 28. f5 Ng7 29. fxg6 Qh3 30. Rf1 fxg6 31. Nf4 Rxf4 32. Bxf4 Rf8 33. Qxg6 Nf5 34. Qxh5+ Kg7 35. Qg4 Qxg4 36. Rxg4 Nbd4 37. Bd1 Re8 38. Bd2 Kg6 39. Bc3 Bxg5 40. Bxd4 Nxd4 41. h4 1-0

[Event "Madrid-chT 2526"]
[Site "Madrid"]
[Date "2025.11.23"]
[Round "2.2"]
[White "Blanco Diez, David"]
[Black "Horcajuelo Rocamora, Martin"]
[Result "1/2-1/2"]
[WhiteElo "2316"]
[BlackElo "2311"]
[WhiteFideId "-1"]
[WhiteFideId "-1"]
[PlyCount "66"]
[GameId "2247304219643904"]
[EventDate "2025.11.15"]
[EventType "team-tourn"]
[EventRounds "14"]
[EventCountry "ESP"]
[SourceVersionDate "2011.03.15"]
[WhiteTeam "Jaque Mate"]
[BlackTeam "Alcorcon Diagonal"]
[WhiteTeamCountry "ESP"]
[BlackTeamCountry "ESP"]

{[%evp 0,66,22,20,15,19,-12,14,-7,17,11,3,22,40,29,35,32,11,21,6,9,26,18,-30,-19,-8,0,-25,31,14,19,-1,14,24,124,77,85,175,78,71,98,53,104,124,101,85,157,17,129,86,93,100,-1,90,38,83,110,62,-49,35,52,2,21,13,-1,6,12,-1,1]} 1. d4 d5 2. c4 e6 3. Nc3 Nf6 4. cxd5 exd5 5. Bg5 Be6 6. e3 Nbd7 7. Bd3 c6 8. Nge2 h6 9. Bh4 g5 10. Bg3 Nh5 11. h4 Nxg3 12. Nxg3 gxh4 13. Nf5 Qb6 14. Qc2 O-O-O 15. Rxh4 Kb8 16. O-O-O Rg8 17. g3 Bxf5 18. Bxf5 Nf6 19. Bd3 Ne8 20. Kb1 Nd6 21. Na4 Qc7 22. Qb3 b6 23. Rc1 Qb7 24. Rhh1 Rc8 25. Rc2 Rc7 26. Rhc1 Be7 27. Nc3 Rd7 28. e4 dxe4 29. Nxe4 Nf5 30. Nf6 Nxd4 31. Nxd7+ Qxd7 32. Qxf7 Rf8 33. Qh7 Nxc2 1/2-1/2

[Event "Madrid-chT 2526"]
[Site "Madrid"]
[Date "2025.11.23"]
[Round "2.3"]
[White "Bravo De la Vega, Alvaro"]
[Black "Lopez Mijail, Nicolas"]
[Result "0-1"]
[WhiteElo "2277"]
[BlackElo "2261"]
[WhiteFideId "-1"]
[WhiteFideId "-1"]
[PlyCount "68"]
[GameId "2247304219643904"]
[EventDate "2025.11.15"]
[EventType "team-tourn"]
[EventRounds "14"]
[EventCountry "ESP"]
[SourceVersionDate "2011.03.15"]
[WhiteTeam "Alcorcon Diagonal"]
[BlackTeam "Jaque Mate"]
[WhiteTeamCountry "ESP"]
[BlackTeamCountry "ESP"]

{[%evp 0,68,21,17,11,13,7,11,18,7,19,16,31,26,23,2,2,-8,-5,-3,0,-7,70,-22,-25,-21,-23,-19,-56,-18,-15,-10,-17,-27,0,23,-18,-1,-22,-4,15,-71,-130,-137,-158,-145,-138,-186,-161,-193,-156,-199,-100,-168,-85,-39,-76,-199,-193,-252,-138,-136,-115,-321,-399,-1069,-1413,-29993,-29994,-29995,-29996]} 1. d4 Nf6 2. c4 e6 3. Nc3 Bb4 4. Qc2 d6 5. Nf3 Nbd7 6. Bg5 h6 7. Bxf6 Qxf6 8. a3 Bxc3+ 9. Qxc3 O-O 10. Rc1 e5 11. dxe5 Nxe5 12. Nxe5 dxe5 13. e3 Re8 14. Bd3 Qg5 15. Be4 c6 16. O-O Bh3 17. Kh1 f5 18. f4 Qg6 19. gxh3 fxe4 20. Rg1 Qh5 21. Rg3 Rad8 22. Rcg1 Re7 23. Qb4 Rdd7 24. Qc5 b6 25. Qxc6 exf4 26. exf4 Rd1 27. Qc8+ Kh7 28. Qf8 Rxg1+ 29. Kxg1 Rd7 30. Rg4 e3 31. b4 b5 32. c5 Qd5 33. Qe8 Qd1+ 34. Kg2 Qe2+ 0-1

[Event "Madrid-chT 2526"]
[Site "Madrid"]
[Date "2025.11.23"]
[Round "2.4"]
[White "Torres Rebolledo, Victor"]
[Black "Ruiz Vazquez, Javier"]
[Result "0-1"]
[WhiteElo "2220"]
[BlackElo "2226"]
[WhiteFideId "-1"]
[WhiteFideId "-1"]
[PlyCount "117"]
[GameId "2247304219643904"]
[EventDate "2025.11.15"]
[EventType "team-tourn"]
[EventRounds "14"]
[EventCountry "ESP"]
[SourceVersionDate "2011.03.15"]
[WhiteTeam "Jaque Mate"]
[BlackTeam "Alcorcon Diagonal"]
[WhiteTeamCountry "ESP"]
[BlackTeamCountry "ESP"]

{[%evp 0,117,20,10,12,0,7,19,19,27,27,8,18,35,-30,28,-42,-40,-83,-39,-50,-61,-42,-47,-1,-9,19,-136,-22,-22,-34,-9,-33,-24,-15,-7,-51,-19,6,-123,-87,-89,-90,-98,-101,-105,-91,-137,79,-133,-76,-142,-145,-130,-251,-130,-134,-182,-147,-149,-59,-167,-36,-170,-202,-188,-195,-217,-180,-231,-229,-314,-225,-382,-219,-320,-347,-383,-393,-375,-172,-379,-328,-179,-271,-103,-324,-163,-271,-215,-128,-269,-275,-318,-118,-321,-362,-242,-395,-417,-452,-406,-453,-433,-473,-345,-521,-701,-802,-749,-962,-937,-992,-953,-1012,-992,-683,-822,-877,-1011]} 1. c4 Nf6 2. Nc3 e6 3. e4 d5 4. cxd5 exd5 5. e5 Ne4 6. Nxe4 dxe4 7. Qa4+ Nc6 8. Qxe4 Be6 9. Nf3 Bd5 10. Qa4 Bxf3 11. gxf3 Qd5 12. Qe4 Qxe5 13. Bb5 Bd6 14. d4 Qxe4+ 15. fxe4 O-O-O 16. Bxc6 bxc6 17. Be3 Rhe8 18. e5 Bb4+ 19. Kf1 c5 20. dxc5 Rxe5 21. Rg1 g6 22. c6 Bc5 23. Bg5 Rdd5 24. Re1 Rxe1+ 25. Kxe1 Rd6 26. Rg3 Rxc6 27. Rf3 f5 28. Kd2 Kd7 29. Kd3 Re6 30. Be3 Bxe3 31. fxe3 Re4 32. Rf2 Kd6 33. a3 c5 34. b3 h6 35. h3 Rh4 36. Rg2 g5 37. Rf2 Ke5 38. Rc2 Kd5 39. Rf2 f4 40. exf4 Rxf4 41. Rh2 Rf3+ 42. Kc2 a5 43. a4 Ke4 44. Kb2 Ke3 45. Kc3 Kf4+ 46. Kc4 Kg3 47. Rd2 Kxh3 48. Rd5 Kh4 49. Rxc5 g4 50. Rxa5 g3 51. Ra6 h5 52. Rg6 Rf4+ 53. Kd3 Rg4 54. Re6 g2 55. Re1 g1=Q 56. Rxg1 Rxg1 57. a5 Ra1 58. b4 Kg3 59. Kd4 0-1

[Event "Madrid-chT 2526"]
[Site "Madrid"]
[Date "2025.11.23"]
[Round "2.5"]
[White "Lozano Ramirez, Nestor Favian"]
[Black "Serrano Ruiz, Miguel"]
[Result "1/2-1/2"]
[WhiteElo "2222"]
[BlackElo "2212"]
[WhiteFideId "-1"]
[WhiteFideId "-1"]
[PlyCount "64"]
[GameId "2247304219643904"]
[EventDate "2025.11.15"]
[EventType "team-tourn"]
[EventRounds "14"]
[EventCountry "ESP"]
[SourceVersionDate "2011.03.15"]
[WhiteTeam "Alcorcon Diagonal"]
[BlackTeam "Jaque Mate"]
[WhiteTeamCountry "ESP"]
[BlackTeamCountry "ESP"]

{[%evp 0,64,20,-3,-5,-10,-21,-19,-39,-18,-9,-9,-12,-24,3,-30,1,0,1,-6,13,60,20,7,55,11,52,42,59,110,40,36,35,14,-18,16,31,103,52,22,38,1,-45,10,8,-1,48,54,51,59,28,30,30,25,37,4,65,4,19,-196,19,15,50,8,15,26,63]} 1. g3 d5 2. Bg2 e5 3. d3 Nf6 4. Nf3 Bd6 5. O-O O-O 6. Nc3 c6 7. e4 dxe4 8. Nxe4 Nxe4 9. dxe4 Bc7 10. Qe2 Qe7 11. a4 Rd8 12. Be3 b6 13. Rfd1 Ba6 14. Qe1 Nd7 15. Nh4 g6 16. Qc3 c5 17. Bf1 Bxf1 18. Kxf1 Nf8 19. a5 Ne6 20. axb6 Rxd1+ 21. Rxd1 axb6 22. Rd5 Nd4 23. Qd3 Rd8 24. Rxd8+ Qxd8 25. c3 Ne6 26. Qxd8+ Nxd8 27. c4 Nc6 28. Nf3 Na5 29. Nh4 Nc6 30. Ke2 Nd4+ 31. Kd3 Nc6 32. Bc1 f6 1/2-1/2

[Event "Madrid-chT 2526"]
[Site "Madrid"]
[Date "2025.11.23"]
[Round "2.6"]
[White "Cuadrado Carmona, Javier"]
[Black "Neagu, Roberto Florin"]
[Result "0-1"]
[WhiteElo "2163"]
[BlackElo "2176"]
[WhiteFideId "-1"]
[WhiteFideId "-1"]
[PlyCount "120"]
[GameId "2247304219643904"]
[EventDate "2025.11.15"]
[EventType "team-tourn"]
[EventRounds "14"]
[EventCountry "ESP"]
[SourceVersionDate "2011.03.15"]
[WhiteTeam "Jaque Mate"]
[BlackTeam "Alcorcon Diagonal"]
[WhiteTeamCountry "ESP"]
[BlackTeamCountry "ESP"]

{[%evp 0,120,24,33,23,42,16,24,48,36,41,1,50,2,27,16,50,-5,49,42,58,-66,64,38,7,42,43,23,-41,11,-36,33,19,-3,54,13,57,55,-33,60,162,18,-57,-63,-63,-63,-69,-88,-43,-88,-30,-1,-7,-46,5,-21,-12,-1,-21,-53,2,23,11,8,6,-8,5,-8,21,2,93,-65,66,-11,99,32,146,46,42,56,101,26,2,31,24,1,5,12,-14,9,8,-25,-120,-32,-30,-20,-1,-9,-1,-1,-1,1,1,-7,-1,-1,-1,-1,-1,-1,-1,-1,-1,1,-1,-1,1,-1,17,1,-1,-568,-513]} 1. e4 e6 2. d4 d5 3. Nd2 Nf6 4. Bd3 c5 5. c3 Nc6 6. Ngf3 Be7 7. O-O O-O 8. e5 Nd7 9. Re1 f6 10. exf6 Nxf6 11. Nf1 cxd4 12. cxd4 Qb6 13. Ng3 Bd6 14. Bc2 Bd7 15. Bg5 Rae8 16. a3 a5 17. Qd3 Qa6 18. Qxa6 bxa6 19. Rac1 Kf7 20. Bxf6 gxf6 21. Bxh7 Rb8 22. Re2 Rb3 23. Rc3 Rxc3 24. bxc3 Bxa3 25. Ra2 Bd6 26. Bd3 Ra8 27. Nd2 e5 28. dxe5 Bxe5 29. Ne2 Bc7 30. Nb3 Ne5 31. Bc2 Bb5 32. Ned4 Nc4 33. h4 Bb6 34. h5 Ne5 35. Nf5 Rh8 36. h6 Ng4 37. Nbd4 Bxd4 38. Nxd4 Nxh6 39. Rxa5 Bc4 40. Bb3 Bxb3 41. Nxb3 Rb8 42. Nc5 Ng4 43. g3 Rb1+ 44. Kg2 Rb2 45. Nxa6 Rxf2+ 46. Kg1 Rd2 47. Nb4 Ke6 48. Kf1 Nh2+ 49. Ke1 Nf3+ 50. Kf1 Nh2+ 51. Kg1 Nf3+ 52. Kf1 Ke5 53. Ra8 Nh2+ 54. Ke1 Nf3+ 55. Kf1 Nh2+ 56. Kg1 Nf3+ 57. Kf1 Ke4 58. Re8+ Ne5 59. Rf8 Kf5 60. Nc6 Nxc6 0-1

[Event "Madrid-chT 2526"]
[Site "Madrid"]
[Date "2025.11.23"]
[Round "2.1"]
[White "Reyes Larena, Juan"]
[Black "Almeida Quintana, Omar"]
[Result "1/2-1/2"]
[WhiteElo "2418"]
[BlackElo "2465"]
[WhiteFideId "-1"]
[WhiteFideId "-1"]
[PlyCount "39"]
[GameId "2247877395991391"]
[EventDate "2025.11.15"]
[EventType "team-tourn"]
[EventRounds "14"]
[EventCountry "ESP"]
[SourceVersionDate "2011.03.15"]
[WhiteTeam "San Sebastian de los Reyes"]
[BlackTeam "Rivas"]
[WhiteTeamCountry "ESP"]
[BlackTeamCountry "ESP"]

1. e4 d6 2. d4 Nf6 3. f3 d5 4. e5 Nfd7 5. f4 c5 6. c3 Nc6 7. Nf3 cxd4 8. cxd4 Nb6 9. Nc3 Bg4 10. Be2 e6 11. O-O Rc8 12. Kh1 Be7 13. h3 Bf5 14. Bd3 Bxd3 15. Qxd3 Qd7 16. Be3 Nc4 17. Bc1 O-O 18. b3 Nb6 19. a3 a6 20. Bd2 1/2-1/2

[Event "Madrid-chT 2526"]
[Site "Madrid"]
[Date "2025.11.23"]
[Round "2.2"]
[White "Lianes Garcia, Marcos"]
[Black "Alfaya Marcelo, Roberto"]
[Result "1/2-1/2"]
[WhiteElo "2388"]
[BlackElo "2257"]
[WhiteFideId "-1"]
[WhiteFideId "-1"]
[PlyCount "74"]
[GameId "2247879832714086"]
[EventDate "2025.11.15"]
[EventType "team-tourn"]
[EventRounds "14"]
[EventCountry "ESP"]
[SourceVersionDate "2011.03.15"]
[WhiteTeam "Rivas"]
[BlackTeam "San Sebastian de los Reyes"]
[WhiteTeamCountry "ESP"]
[BlackTeamCountry "ESP"]

1. e4 c5 2. Nc3 a6 3. Nge2 e6 4. d4 cxd4 5. Nxd4 Qc7 6. a3 Nc6 7. Nxc6 bxc6 8. Qf3 d5 9. Qg3 Qxg3 10. hxg3 Nf6 11. Bd3 g6 12. Bf4 Nd7 13. O-O-O Bg7 14. Bd6 Be5 15. Bxe5 Nxe5 16. Be2 O-O 17. Rh4 Kg7 18. Na4 Nd7 19. c4 Nf6 20. exd5 cxd5 21. cxd5 Nxd5 22. Nc5 Ra7 23. Kb1 a5 24. Bf3 Nf6 25. Ra4 e5 26. g4 e4 27. Nxe4 Bxg4 28. Bxg4 Nxg4 29. Rd5 Re8 30. f3 Ne3 31. Raxa5 Rxa5 32. Rxa5 Nxg2 33. Ra7 h5 34. Ng5 Kf6 35. Ne4+ Kg7 36. Ng5 Kf6 37. Ne4+ Kg7 1/2-1/2

[Event "Madrid-chT 2526"]
[Site "Madrid"]
[Date "2025.11.23"]
[Round "2.3"]
[White "Hernandez Ramos, David"]
[Black "Vioque Gonzalez, Nicolas"]
[Result "0-1"]
[WhiteElo "2202"]
[BlackElo "2296"]
[WhiteFideId "-1"]
[WhiteFideId "-1"]
[PlyCount "70"]
[GameId "2247881239337837"]
[EventDate "2025.11.15"]
[EventType "team-tourn"]
[EventRounds "14"]
[EventCountry "ESP"]
[SourceVersionDate "2011.03.15"]
[WhiteTeam "San Sebastian de los Reyes"]
[BlackTeam "Rivas"]
[WhiteTeamCountry "ESP"]
[BlackTeamCountry "ESP"]

{[%evp 0,39,21,43,16,14,27,57,14,5,7,13,33,6,49,28,37,33,36,45,56,-10,-12,-8,12,-147,-39,-69,-8,-27,-23,-11,-8,-8,-14,-146,-18,36,-49,-68,-15,-89]} 1. d4 d5 2. c4 Nc6 3. cxd5 Qxd5 4. e3 e5 5. Nc3 Bb4 6. a3 Bxc3+ 7. bxc3 Nf6 8. c4 Qd6 9. d5 Ne7 10. Ne2 c6 11. Nc3 O-O 12. a4 cxd5 13. Ba3 Qc7 14. Qb3 d4 15. Nb5 Qd7 16. exd4 exd4 17. Rd1 a6 18. Nxd4 Re8 19. Be2 Nc6 20. Nc2 Qc7 21. Ne3 Qa5+ 22. Kf1 Ne4 23. Qc2 Nc3 24. Rd2 Nxe2 25. Kxe2 Bg4+ 26. Kf1 Be6 27. Ke2 Bg4+ 28. Kf1 Be6 29. Ke2 Rad8 30. Rhd1 Bg4+ 31. f3 Qe5 32. Rxd8 Qxe3+ 33. Kf1 Nxd8 34. Bc1 Bf5 35. Rxd8 Qe1# 0-1

[Event "Madrid-chT 2526"]
[Site "Madrid"]
[Date "2025.11.23"]
[Round "2.4"]
[White "Gallardo Garcia, Andres"]
[Black "Martinez Fernandez, Raul"]
[Result "1-0"]
[WhiteElo "2261"]
[BlackElo "2179"]
[WhiteFideId "-1"]
[WhiteFideId "-1"]
[PlyCount "109"]
[GameId "2247882844531589"]
[EventDate "2025.11.15"]
[EventType "team-tourn"]
[EventRounds "14"]
[EventCountry "ESP"]
[SourceVersionDate "2011.03.15"]
[WhiteTeam "Rivas"]
[BlackTeam "San Sebastian de los Reyes"]
[WhiteTeamCountry "ESP"]
[BlackTeamCountry "ESP"]

1. d4 Nf6 2. c4 e6 3. Nc3 Bb4 4. e3 O-O 5. Nge2 c6 6. a3 Ba5 7. Ng3 d5 8. cxd5 exd5 9. Bd3 g6 10. Bd2 Bc7 11. Qc2 Kg7 12. e4 dxe4 13. Ncxe4 Nd5 14. Qc1 Re8 15. Bh6+ Kh8 16. O-O f6 17. Qd2 Nd7 18. Rae1 Nf8 19. f4 Ne7 20. Qc3 Nf5 21. Nxf5 Bxf5 22. Ng5 Qd7 23. Bxf5 gxf5 24. d5 cxd5 25. Qxf6+ Kg8 26. Rd1 Bd8 27. Qc3 Ne6 28. Nxe6 Rxe6 29. Rxd5 Bb6+ 30. Kh1 Qc7 31. Qb3 Kh8 32. Bg5 Qf7 33. Qd3 Rf8 34. Rd7 Qg6 35. Be7 Re8 36. Bb4 Re2 37. Bc3+ Kg8 38. Rg7+ Qxg7 39. Bxg7 Kxg7 40. Qxf5 Re1 41. Qd3 R8e3 42. Qc4 Rxf1+ 43. Qxf1 Bd4 44. g3 Bxb2 45. Qb5 Bxa3 46. Qxb7+ Re7 47. Qb3 Bd6 48. Qd5 Re1+ 49. Kg2 Be7 50. Qd4+ Bf6 51. Qxa7+ Re7 52. Qa6 Rc7 53. Kf3 Rc2 54. Qb7+ Kg8 55. Qb3+ 1-0

[Event "Madrid-chT 2526"]
[Site "Madrid"]
[Date "2025.11.23"]
[Round "2.5"]
[White "Hernandez Ramos, Alberto"]
[Black "Acosta Sosa, Juan Manuel"]
[Result "1-0"]
[WhiteElo "2048"]
[BlackElo "2261"]
[WhiteFideId "-1"]
[WhiteFideId "-1"]
[PlyCount "57"]
[GameId "2247888757422994"]
[EventDate "2025.11.15"]
[EventType "team-tourn"]
[EventRounds "14"]
[EventCountry "ESP"]
[SourceVersionDate "2011.03.15"]
[WhiteTeam "San Sebastian de los Reyes"]
[BlackTeam "Rivas"]
[WhiteTeamCountry "ESP"]
[BlackTeamCountry "ESP"]

1. d4 Nf6 2. Nf3 c5 3. dxc5 e6 4. a3 a5 5. c4 Bxc5 6. Nc3 O-O 7. Bg5 b6 8. e4 h6 9. Bh4 d6 10. Rb1 Nc6 11. Be2 g5 12. Bg3 e5 13. Qc1 Ne8 14. h4 g4 15. Nh2 h5 16. Qh6 Ng7 17. f3 f5 18. fxg4 f4 19. g5 fxg3 20. g6 Rf2 21. Qh7+ Kf8 22. Qh8+ Ke7 23. Qxg7+ Ke8 24. Nd5 Ra7 25. Qh8+ Kd7 26. g7 Rxe2+ 27. Kxe2 Qxh4 28. Kd3 Ba6 29. Ng4 1-0

[Event "Madrid-chT 2526"]
[Site "Madrid"]
[Date "2025.11.23"]
[Round "2.6"]
[White "Tenorio Garcia, Joel"]
[Black "Hinojosa Moya, Hector Gaston"]
[Result "1-0"]
[WhiteElo "2172"]
[BlackElo "1900"]
[WhiteFideId "-1"]
[WhiteFideId "-1"]
[PlyCount "47"]
[GameId "2247891619490716"]
[EventDate "2025.11.15"]
[EventType "team-tourn"]
[EventRounds "14"]
[EventCountry "ESP"]
[SourceVersionDate "2011.03.15"]
[WhiteTeam "Rivas"]
[BlackTeam "San Sebastian de los Reyes"]
[WhiteTeamCountry "ESP"]
[BlackTeamCountry "ESP"]

1. e4 c5 2. Nf3 d6 3. d4 cxd4 4. Nxd4 Nf6 5. Nc3 Nc6 6. Bc4 e6 7. Bb3 Bd7 8. O-O Be7 9. Be3 O-O 10. f4 Nxd4 11. Bxd4 e5 12. fxe5 dxe5 13. Bxe5 Bc5+ 14. Kh1 Ng4 15. Bd4 Qh4 16. h3 Qg3 17. hxg4 Bxg4 18. Qd2 Rad8 19. Nd5 Bd6 20. e5 Bxe5 21. Bxe5 Qxe5 22. Rae1 Qg3 23. Qg5 Rd6 24. Re3 1-0